Missing Word: 'Monthly' Songs Quiz Stats

 Plays Quiz Updated Jan 5, 2013

     
Support Sporcle.
Go Orange.
Score 0/16 Timer 03:00
3 Plays Today
Song Missing Word % Correct
_____ Me Up When September EndsWake
85.3%
December 1963 (Oh, What a _____)Night
79.1%
The _____ of MarchIdes
74.4%
_____ of July4th
65.1%
November _____Rain
64.6%
_____ Days in FebruaryTwo
63.2%
Cold _____ in JulyDay
62.2%
_____ Wind in AugustCold
60.2%
Song Missing Word % Correct
_____ to DecemberBack
31.6%
A _____ DecemberLong
29.4%
June in _____January
25.7%
April _____ She WillCome
23.8%
_____ of MayMonth
22.5%
_____ Till NovemberGone
18.3%
January in the Halifax Airport _____Lounge
15.9%
October _____Road
7.7%

Today's Daily Dose

From the Vault

'M' Names by 3 Surnames

by lolshortee

Wait, you mean the 3 surnames aren't Alright, Alright, Alright?
Remove Ads.
Support Sporcle.
Get the best of Sporcle when you Go Orange. This ad-free experience offers more features, more stats, and more fun while also helping to support Sporcle. Thank you for becoming a member.

Show Comments

Extras

Top Quizzes Today


Score Distribution

Your Account Isn't Verified!

In order to create a playlist on Sporcle, you need to verify the email address you used during registration. Go to your Sporcle Settings to finish the process.

Report this User

Report this user for behavior that violates our Community Guidelines.

Details: